000 01691cam a22004814i 4500
003 PE-LiUPU
005 20250731172710.0
008 150617s1974 sp r 000 0 spa d
035 _a(Sirsi) a10464
040 _aPE-LiUPU
_bspa
_cPE-LiUPU
_dPE-LiUPU
_erda
049 _aPRUA
082 0 4 _a248.4
_bR55
_221
100 1 _aRidenour, Fritz,
_eautor.
245 1 0 _aComo ser cristiano en una iglesia ultracristiana /
_cFritz Ridenour.
264 1 _aBarcelona :
_bEditorial Clie,
_c1974.
300 _a110 páginas ;
_c17 centímetros.
336 _atext
_2rdacontent
337 _aunmediated
_2rdamedia
338 _avolume
_2rdacarrier
490 0 _aLibros Clíe
505 0 _aCrea tu propio sistema de vida cristiana -- Cómo (no) participar -- Pensar en el cielo -- Termómetro o termostato -- Gente o personas -- ¿Es real este amor cristiano? -- ¿Por qué no orar por un cambio?.
526 _aSEG42
526 _aSEG41
526 _aSEG40
526 _aSEG39
526 _aP94
526 _aP87
526 _aP86
526 _aP85
526 _aP77
526 _aP76
526 _aP35
650 0 4 _aCristianismo.
650 0 4 _aSantificación.
650 0 4 _aVida cristiana.
910 _ajck
_bjvq
_cjck
_d20150616
942 _2ddc
_cBOOK
949 _a248.4 R55
_wDEWEY
_c1
_i20866
_lCCODEBUL1
_mBUL
_p00.00
_r0
_sY
_tBOOK
_u19820909
_xTEOLOGIA
_PP35
_0COMPRA
_o.STAFF. Colección General
994 _aC0
_bPEPRU
596 _a1
999 _a248.4 R55
_wDEWEY
_c514
_i20866
_d514
_f2021-11-11
_g5
_lCCODEBUL1
_mBUL
_p20.95
_q1
_r0
_sY
_tBOOK
_u2015-6-17
_xTEOLOGIA
_PP35
_0COMPRA
_o.STAFF. Colección Teología
980 _81
_gALBERTO SANCHEZ Responsable de Automatización